00416 2200157 4500001002100000008004100021035002000062245003100082100001300113260004100126300002000167082001500187650003000202990001300232990001300245INLIS000000000000450 ind  a0010-0322000450 aRAHASIA PUTRI DUYUNGcIKHA aFIDELARA aJAKARTAbBINA SUMBER DAYA MIPAc2015 a54 hlm.c25 cm. a398.395 98 aCERITA RAKYAT - INDONESIA a102623-1 a102623-2